| 000 | 00381nam a2200145Ia 4500 | ||
|---|---|---|---|
| 008 | 230312s9999||||xx |||||||||||||| ||und|| | ||
| 020 | _a81-317-0171-3 | ||
| 082 |
_a530.141 _bRAJ-E |
||
| 100 | _aRaju;G.S.N | ||
| 245 | 0 | _aElectromagnetic Field Theory and Transmission Liines | |
| 260 |
_bPearson _aIndia _c2006 |
||
| 300 | _a584 | ||
| 650 |
_aEngineering _vElcetrical |
||
| 942 | _cBK | ||
| 999 |
_c12761 _d12761 |
||